| 000 | 00385nam a2200145 i 4500 | ||
|---|---|---|---|
| 001 | 90631 | ||
| 003 | ES-MaACL | ||
| 005 | 20230906180520.0 | ||
| 007 | t| | ||
| 008 | 050124s1968 sp ||||1| spa d | ||
| 245 | 0 | 0 | _aLecciones de Derecho sindical. |
| 260 |
_aMadrid : _bOrganización Sindical Española, _c1968. |
||
| 300 |
_a649 p. ; _c21 cm. |
||
| 852 |
_aES-MaACL _jC-35416 _bR.68674 |
||
| 999 |
_c90631 _d90631 |
||